| 000 | 01440nam a2200337 a 4500 | ||
|---|---|---|---|
| 999 |
_c117064 _d117064 |
||
| 003 | BLK | ||
| 005 | 20240705100320.0 | ||
| 008 | 180409b bul|||||r ||||||| ||bul|| | ||
| 010 | _aKNG00122650000 | ||
| 040 | _aBLK | ||
| 041 |
_aBUL _cBUL |
||
| 080 |
_aАмериканска литература (на САЩ) _b821.111(73) _x-312.9 _z821.111(73)-312.9 |
||
| 100 | 1 |
_aАзимов, Айзък _eпърви автор _9364062 |
|
| 139 |
_aАзимов, Айзък _bА 36 |
||
| 245 | 1 | 0 |
_aФантастично пътешествие _bФантаст. роман : Кн. 1 - _cАйзък Азимов; прев. от англ. Радослав Христов Христов. _nКн. 1 _pМисия в тялото на човека |
| 257 | _aUSA | ||
| 260 |
_aСофия _bБард _c1993 _fХасково : Полиграфюг |
||
| 300 | _c20 см | ||
| 380 | _aX | ||
| 500 | _aОриг. загл. Fantastic Voyage / Isaac Asimov | ||
| 700 |
_aХристов, Радослав Христов _d1963- _9376480 |
||
| 760 | 1 |
_aАзимов, Айзък _d1993 _h288 с. _tКн. 1 Мисия в тялото на човека |
|
| 852 |
_aЦб 174491 _bЦб |
||
| 856 | 4 |
_qpdf _i0.00 _ldisable |
|
| 856 | 4 |
_qpdf _i0.00 _ldisable |
|
| 942 |
_cKNG _n0 _04 _s1 |
||
| 944 |
_aCR _c04.04.2011 _lГеновева Генчева _k30560 |
||
| 944 |
_aED _c04.05.2011 _lдобави в АБ / 01.04.2011 |
||
| 999 | _d117064 | ||
| 999 | _d117064 | ||